000 00424nam a2200169Ia 4500
008 230711s9999||||xx |||||||||||||| ||und||
020 _a81-85749-15-9
041 _aENG
082 _a621.31042
_bGU-E
100 _aGupta J.B
245 0 _aTheory and performance of electrical machines
250 _a1st
260 _c2011
_aNew Delhi
_bS.K Kataria & Sons
300 _a759
650 _aElectrical Engineering
942 _cBK
999 _c116
_d116